|
|
|
|
| LEADER |
01184nam a22002297a 4500 |
| 001 |
29363 |
| 003 |
BD-DhAAL |
| 005 |
20150608152846.0 |
| 008 |
150608r2015 bg b|||| |||| 00| 0 ben d |
| 040 |
|
|
|a BD-DhAAL
|c BD-DhAAL
|
| 082 |
|
|
|2 22
|a 520
|
| 100 |
|
|
|a জব্বার, মোহাম্মদ আবদুল
|9 11803
|
| 245 |
|
|
|a প্রাচীন জ্যোতির্বিদ্যা /
|c মোহাম্মদ আবদুল জব্বার
|
| 260 |
|
|
|a ঢাকা :
|b বাংলাদেশ অ্যাস্ট্রনমিক্যাল এসোসিয়েশন,
|c ২০১৫
|
| 300 |
|
|
|a একুশ, ৪৯৬ পৃ. ;
|b চিত্র ;
|c ২২ সে. মি.
|
| 504 |
|
|
|a গ্রন্থপঞ্জি ও নির্ঘন্ঠ অন্তর্ভূক্ত
|
| 541 |
|
|
|e ২৯৩৬৩
|
| 650 |
|
|
|a Astronomy
|9 11804
|
| 852 |
|
|
|a Ayesha Abed Library
|c General Stacks
|
| 942 |
|
|
|2 ddc
|c BK
|
| 999 |
|
|
|c 34650
|d 34650
|
| 952 |
|
|
|0 0
|1 0
|2 ddc
|4 0
|6 520_000000000000000_JOB
|7 0
|9 54124
|a BRACUL
|b BRACUL
|c GEN
|d 2015-06-08
|e MNS Department of BRAC University
|l 10
|m 162
|o 520 JOB
|p 3010029363
|q 2026-06-02
|r 2025-09-18
|s 2025-09-18
|t 1
|w 2015-06-08
|y BK
|